Länder mit dem Euro als Währung - Statistiken

Allgemein
  • Dieses Quiz wurde 87 mal gespielt
  • Das Durchschnittsergebnis liegt bei 18 aus 21
Antwortstatistiken
Hint Antwort % Korrekt
3 Deutschland
100%
16 Österreich
100%
17 Portugal
97%
1 Belgien
96%
6 Frankreich
96%
15 Niederlande
96%
20 Spanien
95%
13 Luxemburg
92%
9 Italien
91%
10 Kroatien
91%
7 Griechenland
90%
4 Estland
85%
8 Irland
84%
11 Lettland
84%
12 Litauen
82%
2 Bulgarien
80%
5 Finnland
80%
18 Slowakei
78%
19 Slowenien
78%
14 Malta
76%
21 Zypern
58%
Keine übereinstimmenden Quizze gefunden
Verteilung der Resultate
Anzahl Personen mit jedem Resultat
Perzentil nach korrekt beantworteten Fragen
Ihre Resultats-Entwicklung
Sie haben dieses Quiz noch nicht gespielt